00653nam a2200193 i 4500001000700000003000900007005001700016007000300033008004100036100001800077245011900095250004000214260005400254300003300308490003100341650003500372830003100407852002100438116840ES-MaACL20230906190758.0t|061121s1927 gw r ||||1| spa d1 aPavia, Luigi.10aGramática sucinta de la lengua italiana b: con ejercicios de versión y trozos de lectura / cpor Luigi Pavia. a7ª ed. rev. y aum. bpor el autor. aHeidelberg [etc.] : bJulio Groos [etc.], c1927. aVIII, 196 p. ; c19 x 12 cm.1 aMétodo Gaspey-Otto-Sauer04aLengua italiana-xGramática.0 aMétodo Gaspey-Otto-Sauer aES-MaACLjB-7800